Heterogeneous catalytic materials : (Record no. 22846)
[ view plain ]
| 000 -LEADER | |
|---|---|
| fixed length control field | 02005cam a2200337 i 4500 |
| 001 - CONTROL NUMBER | |
| control field | 12276487 |
| 003 - CONTROL NUMBER IDENTIFIER | |
| control field | EG-ScBUE |
| 005 - DATE AND TIME OF LATEST TRANSACTION | |
| control field | 20250709102802.0 |
| 008 - FIXED-LENGTH DATA ELEMENTS--GENERAL INFORMATION | |
| fixed length control field | 140429s2014 ne a frb 001 0 eng d |
| 020 ## - INTERNATIONAL STANDARD BOOK NUMBER | |
| International Standard Book Number | 0444595244 (cloth) |
| 020 ## - INTERNATIONAL STANDARD BOOK NUMBER | |
| International Standard Book Number | 9780444595249 (cloth) |
| 035 ## - SYSTEM CONTROL NUMBER | |
| System control number | (NhCcYBP)co8628258 |
| 040 ## - CATALOGING SOURCE | |
| Original cataloging agency | NhCcYBP |
| Language of cataloging | eng |
| Description conventions | rda |
| Transcribing agency | NhCcYBP |
| Modifying agency | EG-ScBUE |
| 082 04 - DEWEY DECIMAL CLASSIFICATION NUMBER | |
| Edition number | 22 |
| Classification number | 541.395 |
| Item number | BUS |
| 100 1# - MAIN ENTRY--PERSONAL NAME | |
| Personal name | Busca, Guido, |
| Relator term | author. |
| 9 (RLIN) | 41613 |
| 245 10 - TITLE STATEMENT | |
| Title | Heterogeneous catalytic materials : |
| Remainder of title | solid state chemistry, surface chemistry and catalytic behaviour / |
| Statement of responsibility, etc | Guido Busca. |
| 250 ## - EDITION STATEMENT | |
| Edition statement | First edition. |
| 264 #1 - PUBLICATION, DISTRIBUTION, ETC. (IMPRINT) | |
| Place of publication, distribution, etc | Amsterdam ; |
| -- | Oxford : |
| Name of publisher, distributor, etc | Elsevier, |
| Date of publication, distribution, etc | 2014. |
| 300 ## - PHYSICAL DESCRIPTION | |
| Extent | xiii, 463 pages : |
| Other physical details | illustrations ; |
| Dimensions | 25 cm |
| 336 ## - CONTENT TYPE | |
| Source | rdacontent |
| Content type term | text |
| Content type code | txt |
| 337 ## - MEDIA TYPE | |
| Media type term | unmediated |
| Source | rdamedia |
| Media type code | n |
| 338 ## - CARRIER TYPE | |
| Carrier type term | volume |
| Carrier type code | nc |
| Source | rdacarrier |
| 504 ## - BIBLIOGRAPHY, ETC. NOTE | |
| Bibliography, etc | Includes bibliographical references and index.<br/> |
| 520 ## - SUMMARY, ETC. | |
| Summary, etc | Heterogeneous Catalytic Materials discusses experimental methods and the latest developments in three areas of research: heterogeneous catalysis; surface chemistry; and the chemistry of catalysts. Catalytic materials are those solids that allow the chemical reaction to occur efficiently and cost-effectively. This book provides you with all necessary information to synthesize, characterize, and relate the properties of a catalyst to its behavior, enabling you to select the appropriate catalyst for the process and reactor system. Oxides (used both as catalysts and as supports for catalysts), mixed and complex oxides and salts, halides, sulfides, carbides, and unsupported and supported metals are all considered. The book encompasses applications in industrial chemistry, refinery, petrochemistry, biomass conversion, energy production, and environmental protection technologies. |
| 650 #7 - SUBJECT ADDED ENTRY--TOPICAL TERM | |
| Topical term or geographic name as entry element | Catalysts. |
| Source of heading or term | BUEsh |
| 9 (RLIN) | 6661 |
| 650 #7 - SUBJECT ADDED ENTRY--TOPICAL TERM | |
| Topical term or geographic name as entry element | Heterogeneous catalysis. |
| 9 (RLIN) | 7141 |
| Source of heading or term | BUEsh |
| 653 ## - INDEX TERM--UNCONTROLLED | |
| Resource For college | Engineering, Chemical |
| Arrived date list | October2016 |
| 653 ## - INDEX TERM--UNCONTROLLED | |
| Resource For college | Engineering, General |
| Arrived date list | October2016 |
| 655 ## - INDEX TERM--GENRE/FORM | |
| Form subdivision | Reading book |
| 942 ## - ADDED ENTRY ELEMENTS (KOHA) | |
| Source of classification or shelving scheme | Dewey Decimal Classification |
| Koha item type | Book - Borrowing |
| Withdrawn status | Lost status | Source of classification or shelving scheme | Damaged status | Not for loan | Collection code | Home library | Current library | Shelving location | Date acquired | Source of acquisition | Cost, normal purchase price | Serial Enumeration / chronology | Total Checkouts | Full call number | Barcode | Date last seen | Cost, replacement price | Price effective from | Koha item type |
|---|---|---|---|---|---|---|---|---|---|---|---|---|---|---|---|---|---|---|---|
| Dewey Decimal Classification | Baccah | Central Library | Central Library | First floor | 25/10/2016 | Purchase | 1400.00 | 3652 | 541.395 BUS | 000034486 | 15/07/2025 | 1750.00 | 25/10/2016 | Book - Borrowing |